|
|
|
|
| LEADER |
00000nam0a2200000 4500 |
| 001 |
230676 |
| 005 |
20231101231024.0 |
| 035 |
|
|
|a (RuTPU)RU\TPU\book\251590
|
| 035 |
|
|
|a RU\TPU\book\251589
|
| 090 |
|
|
|a 230676
|
| 100 |
|
|
|a 20130124d1929 k y0rusy50 ca
|
| 101 |
0 |
|
|a rus
|
| 102 |
|
|
|a RU
|
| 105 |
|
|
|a a z 001zy
|
| 200 |
1 |
|
|a Геологическое строение окрестностей Баскунчака
|e предварительный отчет о работах 1927 г.
|e [оттиск статьи]
|f А. Н. Семихатов
|
| 210 |
|
|
|a Ленинград
|c Издание Геологического комитета
|d 1929
|
| 215 |
|
|
|a С. 439-453
|c ил.
|
| 225 |
1 |
|
|a Известия Геологического Комитета
|v Т. 48, № 4
|
| 317 |
|
|
|5 63413507: КР-405
|a Поступила в НТБ в 2004 г. в составе книжного собрания профессора ТПИ К. В. Радугина.
|
| 320 |
|
|
|a Библиогр.: с. 451.
|
| 606 |
1 |
|
|a Геология
|y Астраханская область
|2 stltpush
|3 (RuTPU)RU\TPU\subj\72153
|9 85729
|
| 610 |
1 |
|
|a геологическое строение
|
| 610 |
1 |
|
|a гипсометрия
|
| 610 |
1 |
|
|a фауна
|
| 610 |
1 |
|
|a меловые системы
|
| 610 |
1 |
|
|a библиотека К. В. Радугина
|
| 675 |
|
|
|a 55(470.4)
|v 3
|
| 700 |
|
1 |
|a Семихатов
|b А. Н.
|c российский геолог
|f 1882-1956
|g Александр Николаевич
|2 stltpush
|3 (RuTPU)RU\TPU\pers\11476
|9 2670
|
| 712 |
0 |
1 |
|a СССР
|b Геологический комитет (Геолком)
|c (1922-1930)
|2 stltpush
|3 (RuTPU)RU\TPU\col\18484
|
| 801 |
|
1 |
|a RU
|b 63413507
|c 20130124
|
| 801 |
|
2 |
|a RU
|b 63413507
|c 20200922
|g RCR
|
| 942 |
|
|
|c BK
|